Lego Ninjago - Statistics

General Stats
  • This quiz has been taken 650 times
  • The average score is 20 of 42
Answer Stats
Good or Bad Species Element Answer % Correct
Good Human Earth Cole
99%
Good Human Lightning Jay
99%
Good Human Fire Kai
99%
Good Nindroid Ice Zane
98%
Good Human Energy Lloyd
95%
Good Human Water Nya
87%
Both Human None Garmadon
76%
Both Anacondrai None Pythor
76%
Both Ghost Wind Morro
67%
Both Human Amber Skylor
65%
Bad Skeleton None Samukai
62%
Good Human None Sensei Wu
60%
Good Human None Misako
59%
Bad Energy/Digital None Overlord
57%
Good Human Metal Karlof
56%
Bad Hypnobrai None Skales
55%
Bad Djin None Nadakhan
52%
Good Human Smoke Ash
48%
Good Human Mind Neuro
47%
Good Human Poison Tox
47%
Good Human Nature Bolobo
43%
Good Human Speed Griffin Turner
43%
Good Human Gravity Gravis
42%
Good Human Shadow Shade
39%
Bad Human None Master Chen
38%
Good Human Form Chamille
33%
Good Human Light Paleman
33%
Both Human None Ronin
30%
Bad Fangpire None Fangtom
29%
Bad Snake None Great Devourer
28%
Bad Venomari None Acidicus
27%
Bad Human None Clouse
26%
Bad Skeleton None Kruncha
21%
Bad Constrictai None Skalidor
21%
Bad Skeleton None Nuckal
18%
Bad Fangpire None Fangdam
16%
Both Human None Flintlock
16%
Good Human Sound Jacob Pevsner
15%
Both Snake None Clancee
14%
Bad Ghost None Sensei Yang
10%
Bad Skeleton None Krazi
6%
Both Human None Captain Soto
3%
No matching quizzes found
Score Distribution
Percent of People with Each Score
Percentile by Number Answered
Your Score History
You have not taken this quiz